Liczby od 1-10 w różnych językach! #10 Japoński - Statystyki

Ogólne statystyki
  • Ten quiz został rozwiązany 60 razy
  • Średni wynik to 5 z 10
Statystyki odpowiedzi
# Liczba % Poprawnych
2 Ni
94%
5 Go
76%
10 Ju
76%
6 Roku
76%
4 Shi
68%
8 Hachi
64%
9 Kyu
64%
1 Tsu
10%
3 Mittsu
8%
7 Sebun
2%
Nie znaleziono quizów pasujących do podanych kryteriów
Rozkład punktacji
Procent ludzi z każdym wynikiem
Percentyl według liczby udzielonych odpowiedzi
Twoja historia wyników
Nie rozwiązałeś tego quizu